St. Demetrios of Thessaloniki : (Record no. 1207)
[ view plain ]
| 000 -LEADER | |
|---|---|
| fixed length control field | 00731nam a2200193 4500 |
| 008 - FIXED-LENGTH DATA ELEMENTS--GENERAL INFORMATION | |
| fixed length control field | 010508s1999 enk 0 engYA |
| 020 ## - INTERNATIONAL STANDARD BOOK NUMBER | |
| International Standard Book Number | 1563382814 |
| 090 ## - LOCALLY ASSIGNED LC-TYPE CALL NUMBER (OCLC); LOCAL CALL NUMBER (OCLC) | |
| Classification number (OCLC) (R) ; Classification number, CALL (RLIN) (NR) | BR1720 |
| Local cutter number (OCLC) ; Book number/undivided call number, CALL (RLIN) | .D45 |
| -- | SK2 |
| 100 1# - MAIN ENTRY--PERSONAL NAME | |
| Personal name | Skedros, James C. |
| 245 10 - TITLE STATEMENT | |
| Title | St. Demetrios of Thessaloniki : |
| Remainder of title | civic patron and divine protector, 4th-7th centuries CE / |
| Statement of responsibility, etc | James C. Skedros |
| 260 ## - PUBLICATION, DISTRIBUTION, ETC. (IMPRINT) | |
| Place of publication, distribution, etc | Pennsylvania : |
| Name of publisher, distributor, etc | Trinity Press, |
| Date of publication, distribution, etc | c1999. |
| 300 ## - PHYSICAL DESCRIPTION | |
| Extent | xviii, 169 p. |
| 490 1# - SERIES STATEMENT | |
| Series statement | Harvard theological studies; |
| Volume number/sequential designation | 47. |
| 500 ## - GENERAL NOTE | |
| General note | originally presented as the author's doctoral thesis-Harvard University, 1996 |
| 504 ## - BIBLIOGRAPHY, ETC. NOTE | |
| Bibliography, etc | Includes bibliographical references. |
| 600 14 - SUBJECT ADDED ENTRY--PERSONAL NAME | |
| Personal name | Demetrios, Saint, 4th cent |
| 650 #4 - SUBJECT ADDED ENTRY--TOPICAL TERM | |
| Topical term or geographic name as entry element | Thessalonike (Greece) |
| General subdivision | Church history |
| 950 0# - LOCAL HOLDINGS (RLIN) | |
| -- | 7/13.60 |
| Withdrawn status | Lost status | Damaged status | Not for loan | Home library | Current library | Shelving location | Date acquired | Accession number | Shelving control number | Total Checkouts | Full call number | Date last seen | Price effective from | Koha item type |
|---|---|---|---|---|---|---|---|---|---|---|---|---|---|---|
| BSOP Library | BSOP Library | GC | 12/21/2000 | 22811 | 127 | BR1720/.D45/SK2 | 02/23/2013 | 02/23/2013 | Books |
